|
|
|
|
| LEADER |
00793cam a2200241 a 4500 |
| 001 |
0000099962 |
| 005 |
20080923090000.0 |
| 040 |
|
|
|a mod
|
| 041 |
|
|
|a eng
|
| 090 |
0 |
0 |
|a 320.5
|b BRO
|e 1968
|
| 100 |
1 |
0 |
|a Brookes
|h Edgar Harry
|
| 245 |
1 |
0 |
|a Apartheid
|b a documentary study of modern South Africa
|c by Edgar H. Brookes
|
| 260 |
0 |
0 |
|a New York
|b Barnes & Noble
|c 1968
|
| 300 |
|
|
|a xxxvii, 228 p.
|c 23 cm
|
| 440 |
0 |
0 |
|a The World studies series
|
| 500 |
0 |
0 |
|a Includes legislation
|
| 504 |
0 |
0 |
|a Bibliography: p. 211-213
|
| 650 |
0 |
0 |
|a Indigenous peoples
|z South Africa
|
| 650 |
0 |
0 |
|a Apartheid
|z South Africa
|
| 650 |
0 |
0 |
|a Race discrimination
|x Law and legislation
|z South Africa
|
| 710 |
1 |
1 |
|a South Africa
|k Laws, statutes, etc.
|
| 999 |
|
|
|
| 999 |
|
|
|a 0000009553
|b MTAT
|d BOOKS
|e Umum
|f MTAT
|j AVAILABLE
|p 1
|q GOOD CONDITION
|